000 00654nam a2200217Ia 4500
003 OSt
005 20230509165007.0
008 210423s2009 xx 000 0 und d
020 _a100321570146
040 _cAL
041 _aeng
082 _a660.6078
_223
_bSEIL
100 _aSEIDMAN (Lisa A);MOORE (Cynthia J).
_9101770
245 _aBasic laboratory methods for biotechnology: textbook and laboratory reference.
250 _a2
260 _aNew Delhi
_bPearson Education Pvt Ltd
_c2009
300 _aix,789
_bPB
365 _b4071
_cINR
906 _aBasic ; biotechnology: ; laboratory ; methods ; reference. ; textbook
942 _2ddc
_cBK
999 _c164090
_d164090